| 000 | 00352nam a2200145Ia 4500 | ||
|---|---|---|---|
| 008 | 231217s9999 xx 000 0 und d | ||
| 041 | _aEnglish | ||
| 082 | _a793.73 SUM;8 | ||
| 100 | _aSummers, George J. | ||
| 245 | 4 | _aThe great book of puzzles and teasers | |
| 260 |
_c2005 _bJaico _aMumbai |
||
| 300 | _a256 | ||
| 650 | _aPuzzles | ||
| 942 | _cAA | ||
| 999 |
_c174240 _d174240 |
||